Statistics for Top 300 Baby Boy Names Scotland 2021

Click here to take the quiz!

General Stats

  • This quiz has been taken 199 times
  • The average score is 155 of 300

Answer Stats

Answer% Correct
23Harry
93%
1Jack
93%
29William
93%
8James
91%
88John
91%
105Henry
90%
107Aidan
88%
113Aiden
88%
102Ben
88%
86David
88%
142Zac
88%
146Zach
88%
123Zack
88%
181Zak
88%
143Alex
87%
265Danny
87%
52George
87%
3Leo
87%
4Oliver
87%
167Zander
87%
10Alexander
86%
59Nathan
86%
2Noah
86%
269Peter
86%
92Robert
86%
73Jackson
84%
33Jaxon
84%
161Jaxson
84%
76Joseph
84%
53Matthew
84%
19Thomas
84%
101Andrew
83%
82Leon
83%
45Liam
83%
63Michael
83%
27Oscar
83%
179Oskar
83%
126Sam
83%
111Zachary
83%
64Benjamin
81%
182Charles
81%
60Louie
81%
74Louis
81%
26Luca
81%
226Luka
81%
43Muhammad
81%
94Samuel
81%
34Adam
80%
38Daniel
80%
203Edward
80%
18Finn
80%
16Lucas
80%
278Lukas
80%
228Mark
80%
169Mohammad
80%
147Patrick
80%
13Charlie
78%
157Christopher
78%
62Isaac
78%
24Jacob
78%
271Tom
78%
287Ayden
77%
5Harris
77%
40Harrison
77%
136Josh
77%
229Nicholas
77%
78Owen
77%
90Ryan
77%
14Theo
77%
44Jamie
75%
35Joshua
75%
7Lewis
75%
41Luke
75%
260Nathaniel
75%
37Tommy
75%
39Ethan
74%
138Kyle
74%
17Mason
74%
242Paul
74%
198Sean
74%
232Vincent
74%
80Theodore
72%
51Aaron
71%
15Archie
71%
194Jay
71%
117Marcus
71%
234Billy
70%
188Findlay
70%
6Finlay
70%
98Finley
70%
190Jason
70%
21Max
70%
122Mohammed
70%
145Tyler
70%
12Alfie
68%
159Jake
68%
250Jonathan
68%
50Kai
68%
42Arthur
67%
65Connor
67%
139Conor
67%
20Freddie
67%
209Joel
67%
153Anthony
65%
297Antoni
65%
56Callum
65%
135Calum
65%
128Evan
65%
116Jayden
65%
22Logan
65%
258Ali
64%
32Cameron
64%
189Frederick
64%
192Gregor
64%
110Joey
64%
274Albert
62%
160Eli
62%
285Stephen
62%
288Brandon
61%
109Frankie
59%
141Jordan
59%
36Ollie
59%
165Olly
59%
133Sebastian
59%
83Dylan
58%
99Jax
58%
217Jaxx
58%
28Jude
58%
96Riley
58%
9Rory
58%
245Bobby
57%
30Caleb
57%
68Elijah
57%
275Ivan
57%
251Julian
57%
210Kaleb
57%
118Rowan
57%
125Elliot
55%
112Gabriel
55%
137Harvey
55%
176Jonah
55%
277Leonardo
55%
85Robbie
55%
55Hamish
54%
218Kevin
54%
197Scott
54%
231Toby
54%
154Bradley
52%
67Cole
52%
49Hunter
52%
177Miles
52%
57Myles
52%
31Roman
52%
163Xander
52%
25Blake
51%
58Carter
51%
77Cooper
51%
280Mylo
51%
150Rhys
51%
286Alan
49%
48Grayson
49%
223Hugh
49%
131Kayden
49%
130Levi
49%
178Milo
49%
132Parker
49%
255Quinn
49%
282Reece
49%
149Ronnie
49%
103Teddy
49%
47Arlo
48%
129Felix
48%
292Harley
48%
61Angus
46%
134Hugo
46%
106Ronan
46%
270Tobias
46%
213Alasdair
45%
81Albie
45%
156Austin
45%
11Brodie
45%
93Brody
45%
124Calvin
45%
104Ellis
45%
140Flynn
45%
168Hayden
45%
148Reggie
45%
46Reuben
45%
244Alistair
43%
97Cody
43%
115Euan
43%
183Ewan
43%
295Kody
43%
257Ross
43%
289Caiden
42%
66Carson
42%
202Dominic
42%
215Douglas
42%
108Ezra
42%
175Jasper
42%
162Kaiden
42%
294Karson
42%
155Ruben
42%
284Seth
42%
72Fraser
41%
293Jesse
41%
252Maxwell
41%
119Nico
41%
151Robin
41%
233Asher
39%
221Ciaran
39%
266Kieran
39%
199Abel
38%
84Hudson
38%
158Corey
36%
227Mac
36%
186Ashton
35%
219Niall
35%
235Duncan
33%
164Kian
33%
75Lachlan
32%
268Lauchlan
32%
100Lochlan
32%
216Elias
30%
87Fergus
30%
69Sonny
30%
180Spencer
30%
187Axel
29%
239Mateo
29%
279Matteo
29%
261Phoenix
29%
281Ralph
29%
220Travis
29%
246Chester
28%
172Cian
28%
191Elliott
28%
262Archer
26%
54Arran
26%
291Declan
26%
174Enzo
26%
184Layton
26%
225Leighton
26%
89Murray
26%
205River
26%
171Ruairi
26%
114Ruairidh
26%
283Ruari
26%
79Ruaridh
26%
208Colton
25%
224Jace
25%
253Nolan
25%
256Rex
25%
264Bailey
23%
207Beau
23%
70Blair
23%
71Callan
23%
300Clark
23%
238Lennox
23%
120Cillian
22%
200Campbell
20%
247Cohen
20%
166Rocco
20%
214Cruz
19%
144Lyle
19%
254Omar
19%
193Hector
17%
299Bodhi
16%
91Innes
16%
211Kerr
16%
121Magnus
16%
170Oakley
16%
249Ibrahim
14%
240Miller
14%
185Rio
14%
152Shay
14%
273Ace
13%
259Eden
13%
196Oran
13%
206Yusuf
13%
267Kit
12%
236Junior
10%
237Kobe
10%
195Odin
9%
95Struan
9%
263Ayaan
7%
127Caelan
7%
241Oisin
7%
204Rian
7%
298Blaine
6%
222Filip
6%
243Remy
6%
173Connell
4%
201Darragh
4%
290Conall
3%
248Eesa
3%
276Jan
1%
272Torin
1%
212Munro
0%
296Nikodem
0%
230Rudi
0%

Score Distribution

Percentile by Number Answered

Percent of People with Each Score

Your Score History

You have not taken this quiz